Candidats de Koh-Lanta (Saison 1 à 22) - Statistiques

Statistiques générales
  • Ce quiz a été pris 4 864 fois
    2 725 depuis la dernière actualisation
  • Le résultat moyen est 214 sur 472
Statistiques - réponses
Saison Candidat % Correct
L'île des héros | La revanche des héros | Vietnam Claude
93%
L'île au Trésor Lau
87%
L'île au Trésor | La nouvelle édition | Les 4 Terres | +2 others Laurent
87%
Les Armes Secrètes Laure
82%
L'île des héros | La nouvelle édition | La revanche des héros | Raja Ampat Teheiura
78%
La nouvelle édition Phil
76%
Bocas Del Toro | La nouvelle édition | Le retour des héros | +3 others Philippe
76%
Le Combat des Héros | Le retour des héros | Pacifique Clémence
75%
Bocas Del Toro | L'île au Trésor | L'île des héros | +2 others Alexandra
74%
L'île des héros | Les Armes Secrètes | Les aventuriers de Koh-Lanta | +2 others Marie
71%
L'île des héros Sam
71%
Johor | Raja Ampat Benoît
70%
L'île au Trésor | L'île des héros Benoit
70%
Caramoan | La revanche des héros Bertrand
70%
Bocas Del Toro | L'île au Trésor | Le Combat des Héros Julie
70%
Bocas Del Toro | L'île des héros | La revanche des héros Moussa
70%
Bocas Del Toro | La nouvelle édition | Le retour des héros Moundir
69%
Malaisie Ugo
69%
Cambodge | Caramoan | La Guerre des Chefs | Les Armes Secrètes Frédéric
68%
Cambodge | Le Combat des Héros Clémentine
67%
Fidji | La Guerre des Chefs | Raja Ampat Maxime
67%
Le Combat des Héros | Palau | Thaïlande Pascal
67%
Johor Marc
66%
Bocas Del Toro | L'île au Trésor | Le Combat des Héros | Les Armes Secrètes Candice
65%
Les 4 Terres François
65%
L'île au Trésor | La nouvelle édition | La revanche des héros | +2 others Freddy
65%
Vanuatu Nico
65%
La Guerre des Chefs | La revanche des héros | Nicoya | +2 others Nicolas
65%
La revanche des héros | Palau | Palawan Patrick
64%
Le retour des héros | Palawan Jade
63%
Johor | Les 4 Terres Loïc
63%
La Guerre des Chefs | Le choc des héros | Pacifique Mohamed
63%
Palawan Ali
62%
L'île au Trésor Jesta
62%
La nouvelle édition | Raja Ampat Martin
62%
L'île des héros | La nouvelle édition | Malaisie Sara
62%
Bocas Del Toro | La Guerre des Chefs | Palau Alexandre
61%
L'île des héros Inès
61%
Caramoan | Johor | L'île des héros Jessica
61%
Bocas Del Toro | Johor Sebastien
61%
Cambodge | Fidji | Les 4 Terres | Vanuatu Sébastien
61%
L'île au Trésor | Le Combat des Héros Jérémy
60%
La Guerre des Chefs | La revanche des héros | Nicoya Maud
59%
Cambodge | Les Armes Secrètes Vincent
59%
La Guerre des Chefs | Les 4 Terres | Malaisie Brice
58%
Fidji | Les Armes Secrètes Thomas
58%
La revanche des héros | Le choc des héros | Pacifique Coumba
57%
Les 4 Terres | Les Armes Secrètes | Pacifique Mathieu
57%
Le choc des héros | Palawan Grégoire
56%
Fidji Mel
55%
Fidji | Malaisie | Palawan Mélanie
55%
Raja Ampat Gégé
54%
Les 4 Terres Lola
54%
Fidji André
53%
Vietnam Aurélie
53%
Caramoan | Johor | Le choc des héros Christophe
53%
Cambodge | Le Combat des Héros Dylan
53%
Vietnam Frédérique
53%
Le choc des héros Frédérique Jossinet
53%
Les 4 Terres Bertrand-Kamal
52%
L'île des héros Eric
52%
Palawan Erick
52%
Les Armes Secrètes Lucie
52%
Fidji | Les aventuriers de Koh-Lanta | Thaïlande Romain
52%
Johor | Le Combat des Héros Chantal
51%
Caramoan | Le retour des héros Christelle
51%
Bocas Del Toro | Johor | La nouvelle édition | +3 others Isabelle
51%
Caramoan | Le Combat des Héros | Panama | Vanuatu Nathalie
51%
Bocas Del Toro | Le retour des héros Tony
51%
L'île des héros Charlotte
50%
La Guerre des Chefs Cindy
50%
Les 4 Terres Dorian
50%
Raja Ampat Gérard
50%
Thaïlande Lolo
50%
Les Armes Secrètes Maxine
50%
L'île des héros Naoil
50%
Le Combat des Héros | Malaisie Javier
49%
Nicoya | Pacifique Pierre
49%
Johor | Le Combat des Héros | Panama Alban
48%
Les 4 Terres Alix
48%
Johor | L'île au Trésor Bruno
48%
La Guerre des Chefs | Le retour des héros | Vanuatu Emilie
48%
Palau | Thaïlande Julien
48%
Palawan Kévin
48%
Le Combat des Héros | Raja Ampat Olivier
48%
Panama Raphaël
48%
Bocas Del Toro | L'île au Trésor | La Guerre des Chefs | Panama Sophie
48%
Le retour des héros | Nicoya Amel
47%
Cambodge Franck
47%
Le choc des héros Frank Leboeuf
47%
La nouvelle édition | Thaïlande | Vietnam Laurence
47%
L'île au Trésor | Les Armes Secrètes | Malaisie | Palau Myriam
47%
Le choc des héros Myriam Lamare
47%
Johor | Le Combat des Héros Cédric
46%
La Guerre des Chefs Clo
46%
Bocas Del Toro | Fidji | L'île des héros Delphine
46%
Fidji | Le Combat des Héros Tiffany
46%
Cambodge Bastien
45%
Malaisie | Nicoya Bernard
45%
Thaïlande Karima
45%
Fidji | La revanche des héros | Palau | Vietnam Marine
45%
La revanche des héros | Les aventuriers de Koh-Lanta | Raja Ampat Patricia
45%
L'île au Trésor | Les aventuriers de Koh-Lanta Stéphane
45%
Thaïlande Wendy
45%
Cambodge | Le Combat des Héros Yassin
45%
Caramoan | Thaïlande | Vanuatu | Vietnam Alain
44%
La Guerre des Chefs | Les 4 Terres Angélique
44%
Le Combat des Héros | Thaïlande Cassandre
44%
Les 4 Terres Fabrice
44%
Les aventuriers de Koh-Lanta Gilles
44%
Les Armes Secrètes Magali
44%
Fidji Magalie
44%
Cambodge Mathilde
44%
La Guerre des Chefs | Nicoya Xavier
44%
Les 4 Terres | Palawan Adrien
43%
L'île des héros Ahmad
43%
Malaisie | Palau | Raja Ampat Anthony
43%
Cambodge | Palau Claire
43%
Johor Jeff
43%
Johor Mélissa
43%
Malaisie Namadia
43%
Cambodge Yves
43%
Les Armes Secrètes Arnaud
42%
Caramoan | Les 4 Terres | Thaïlande Carole
42%
La Guerre des Chefs | Palawan Chloé
42%
La Guerre des Chefs Cyril
42%
Thaïlande Gabriel
42%
La Guerre des Chefs Steeve
42%
Raja Ampat | Thaïlande Steve
42%
Pacifique | Palawan | Vietnam Véronique
42%
La Guerre des Chefs | Les Armes Secrètes Aurélien
41%
Malaisie Camille
41%
Le retour des héros | Malaisie | Panama | +2 others Catherine
41%
La nouvelle édition | Le choc des héros | Palau Christina
41%
La nouvelle édition | Raja Ampat Florence
41%
La revanche des héros | Pacifique Francis
41%
L'île des héros Joseph
41%
Caramoan | L'île des héros Régis
41%
Fidji | L'île au Trésor Sandrine
41%
Bocas Del Toro | Caramoan | L'île des héros Valérie
41%
La revanche des héros | Vietnam Wafa
41%
La Guerre des Chefs | Nicoya Béatrice
40%
Malaisie Charles
40%
Les aventuriers de Koh-Lanta David
40%
L'île au Trésor | Pacifique Jérôme
40%
Les Armes Secrètes Jonathan
40%
Bocas Del Toro Michel
40%
Malaisie | Pacifique Thierry
40%
La Guerre des Chefs Carinne
39%
L'île au Trésor | Le retour des héros | Les aventuriers de Koh-Lanta Jean-Luc
39%
Thaïlande Carine
37%
Fidji | Nicoya | Pacifique | Raja Ampat Caroline
37%
Les 4 Terres Hadja
37%
Vanuatu Karine
37%
Les 4 Terres Samuel
37%
La nouvelle édition | Les aventuriers de Koh-Lanta Sandra
37%
Cambodge Sandro
37%
Pacifique Alexis
36%
Le Combat des Héros | Vanuatu Ludovic
36%
Johor Manon
36%
La Guerre des Chefs Victor
36%
Raja Ampat | Vietnam Virginie
36%
Les 4 Terres Aubin
35%
Malaisie Elodie
35%
Les Armes Secrètes Élodie
35%
La revanche des héros | Palau Fabienne
35%
Le retour des héros | Vanuatu François-David
35%
Cambodge Maria
35%
Malaisie Vanessa
35%
Thaïlande Cécilia
34%
Nicoya | Thaïlande Céline
34%
Les Armes Secrètes Hervé
34%
Raja Ampat Lisa
34%
Les aventuriers de Koh-Lanta William
34%
Les 4 Terres Ava
33%
Pacifique Christine
33%
Les 4 Terres | Vanuatu Estelle
33%
La revanche des héros | Les aventuriers de Koh-Lanta Guénaëlle
33%
Vietnam Kunlé
33%
Le retour des héros | Panama Romuald
33%
Palawan Simon
33%
Bocas Del Toro | Pacifique Sylvie
33%
Vietnam Valentin
33%
Johor Charlaine
32%
Caramoan Charlène
32%
Cambodge Corentin
32%
Les aventuriers de Koh-Lanta Françoise
32%
Bocas Del Toro Hélène
32%
Vietnam Jean-Pierre
32%
Cambodge Kelly
32%
L'île des héros Pholien
32%
Johor Corinne
31%
Les aventuriers de Koh-Lanta | Panama Guillaume
31%
Raja Ampat Ella
30%
Bocas Del Toro | Le choc des héros | Panama Linda
30%
Fidji Manu
30%
Les 4 Terres Marie-France
30%
Le choc des héros Taïg Khris
30%
Les 4 Terres Diane
29%
Les aventuriers de Koh-Lanta Gaël
29%
Vanuatu Gaëlle
29%
Les 4 Terres Joaquina
29%
Thaïlande Laureen
29%
L'île au Trésor Yannick
29%
Le retour des héros | Palawan Filomène
28%
Les Armes Secrètes Laëtitia
28%
Les Armes Secrètes Shanice
28%
Panama Amélie
27%
Vietnam Audrey
27%
Vanuatu Mika
27%
L'île des héros Claudia
26%
Les Armes Secrètes Flavio
26%
Caramoan | Le retour des héros | Panama Jean-Bernard
26%
Palau Kader
26%
Fidji Marguerite
26%
Le Combat des Héros | Palau Raphaële
26%
L'île au Trésor Amandine
25%
L'île au Trésor Béryl
25%
Thaïlande Charlie
25%
Caramoan Christopher
25%
Les 4 Terres Jody
25%
Johor Margot
25%
Palawan Pascale
25%
Palau Rodolphe
25%
Thaïlande Amir
24%
Vietnam Boris
24%
Les Armes Secrètes Gabin
24%
L'île au Trésor Ludivine
24%
Malaisie Mickaël
24%
Johor Nessim
24%
Fidji Théotime
24%
Johor Babeth
23%
Thaïlande Huw
23%
Vietnam Jennifer
23%
Cambodge Marjorie
23%
Palawan Maryline
23%
Raja Ampat Naouel
23%
Cambodge Sabine
23%
Vietnam Vivien
23%
Fidji Fabian
22%
Nicoya François-Xavier
22%
Cambodge Hada
22%
Vanuatu Jean-Claude
22%
Malaisie Marylou
22%
Fidji May
22%
Le choc des héros Djamel Bouras
21%
Les aventuriers de Koh-Lanta Géraldine
21%
Le choc des héros Gwendal Peizerat
21%
Palau Joëlle
21%
Palau Kaouther
21%
Palau Louis-Laurent
21%
Malaisie Nadine
21%
Fidji Tugdual
21%
Pacifique Aude
20%
Cambodge Manuella
20%
Fidji Marvyn
20%
Les Armes Secrètes Sylviane
20%
Vietnam Abdellah
19%
Le choc des héros Betty Lise
19%
Cambodge Brahma
19%
Raja Ampat Délisia
19%
Nicoya Marianne
19%
Thaïlande Marius
19%
Les aventuriers de Koh-Lanta Michèle
19%
Caramoan Morgane
19%
Pacifique Sakhone
19%
La Guerre des Chefs Aliséa
18%
Cambodge Félicie
18%
Caramoan Hakim
18%
Bocas Del Toro Richard
18%
Les aventuriers de Koh-Lanta Harry
17%
Johor Marie-Anne
17%
Vanuatu Mama
16%
Fidji Marta
16%
Palawan Marie-Laure
14%
Panama Odile
14%
Nicoya Adonis
13%
Nicoya Jacky
13%
Pacifique Eliane
12%
Caramoan Irya
12%
Nicoya Jimmy
12%
Pacifique Marie-Cécile
12%
Panama Vicky
12%
Caramoan Céga
11%
Nicoya Nelly
11%
Panama Nelson
11%
Panama Vidéli
11%
Panama Sabira
10%
Aucun quiz correspondant
Distribution des résultats
% des personnes avec chaque résultat
Percentile par nombre de réponses
Votre historique - résultats
Vous n’avez pas pris ce quiz depuis la dernière actualisation